01216cam a2200289 a 45000010005000000030006000050050017000110080041000280100017000690200018000860400023001040420009001270500023001360820014001591000022001732450087001952500035002822600035003173000048003525050007004005200408004075210018008155210018008336500023008516500022008747000030008962901FISKH20240122162330.0081107r20091997ilua b 000 1 eng  a 2008047822 a9781444001150 aDLCcDLCdDLCbeng alcac00aPZ7.S604bHrf 200900a[Fic]2221 aSimon, Francesca.10aHorrid Henry tricks the tooth fairy /cFrancesca Simon ; illustrated by Tony Ross. aThis edition published in 2013 aLondon : bOrion Books, c2001 a76 pages : bcolor illustrations ; c20 cm. aJ  aEarly Readers are stepping stones from picture books to reading books. A blue Early Reader is perfect for sharing and reading together. A red Early Reader is the next step on your reading journey. Horrid Henry can't stand it when Perfect Peter loses a tooth before him. Why should Peter get a pound from the Tooth Fairy and not Henry? And then Henry has a brilliant idea. He will trick the Tooth Fairy.  a450 bLexile  aJ bRaz-Plus  1aBehaviorvFiction. 1aHumorous stories.1 aRoss, Tony,eillustrator